FIFA Puskás Award Top 3 - Statistics

General Stats
  • This quiz has been taken 6 times
  • The average score is 15 of 51
Answer Stats
Year Scored Against Competition Points
Percentage
Scored By % Correct
2009 Porto UEFA Champions League 17.68% Cristiano Ronaldo
100%
2018 Juventus UEFA Champions League 22% Cristiano Ronaldo
100%
2011 Arsenal UEFA Champions League N/A Lionel Messi
100%
2015 Athletic Bilbao Copa del Rey 33.3% Lionel Messi
100%
2019 Real Betis La Liga N/A Lionel Messi
100%
2014 Uruguay FIFA World Cup 42% James Rodríguez
83%
2020 Mallorca La Liga 20 Luis Suárez
83%
2011 Flamengo Campeonato Brasileiro Série A N/A Neymar
83%
2012 Internacional Copa Libertadores 7% Neymar
83%
2013 Japan Confederations Cup 20.5% Neymar
83%
2013 England International Friendly 48.7% Zlatan Ibrahimović
83%
2014 Spain FIFA World Cup 11% Robin van Persie
67%
2018 Everton Premier League 38% Mohamed Salah
50%
2020 Burnley Premier League 24 Son Heung-min
50%
2009 Chelsea UEFA Champions League 15.64% Andrés Iniesta
33%
2021 Arsenal Premier League 22 Erik Lamela
33%
2025 Espanyol La Liga 17 Lamine Yamal
33%
2012 Gençlerbirliği Süper Lig 78% Miroslav Stoch
33%
2017 Crystal Palace Premier League 36.17% Olivier Giroud
33%
2012 América de Cali Club Friendly 15% Radamel Falcao
33%
2024 Everton Premier League 26 Alejandro Garnacho
17%
2025 Real Madrid UEFA Champions League 17 Declan Rice
17%
2022 PAOK UEFA Europa Conference League 20 Dimitri Payet
17%
2010 Uruguay FIFA World Cup 10.61% Giovanni van Bronckhorst
17%
2010 Kazakhstan UEFA Euro Qualification 40.55% Hamit Altıntop
17%
2016 Pahang Malaysia Super League 59.46% Mohd Faiz Subri
17%
2025 Independiente Rivadavia AFA Liga Profesional de Fútbol 22 Santiago Montiel
17%
2011 Manchester City Premier League N/A Wayne Rooney
17%
2015 Barcelona UEFA Champions League 7.1% Alessandro Florenzi
0%
2019 Ferencváros Nemzeti Bajnokság I N/A Dániel Zsóri
0%
2016 Colombia South American U-17 Women's Championship 10.01% Daniuska Rodríguez
0%
2024 KCCA Super 8 16 Denis Omedi
0%
2017 Cameroon FIFA U-17 Women's World Cup 20.47% Deyna Castellanos
0%
2018 América Mineiro Campeonato Mineiro 17% Giorgian de Arrascaeta
0%
2020 Ceará Campeonato Brasileiro Série A 22 Giorgian de Arrascaeta
0%
2009 Bayern Munich Bundesliga 13.39% Grafite
0%
2023 Novorizontino Campeonato Brasileiro Série B 22 Guilherme Madruga
0%
2019 River Plate Superliga Argentina N/A Juan Fernando Quintero
0%
2023 Manchester City Premier League 17 Julio Enciso
0%
2010 Syrianska FC Superettan 13.32% Linus Hallenius
0%
2022 Stal Rzeszów PZU Amp Futbol Ekstraklasa 21 Marcin Oleksy
0%
2016 Cobresal Copa Libertadores 22.86% Marlone
0%
2021 Porto UEFA Champions League 21 Mehdi Taremi
0%
2013 Porto Primeira Liga 30.8% Nemanja Matić
0%
2023 Boavista Primeira Liga 18 Nuno Santos
0%
2017 Orlando Pirates South African Premier Division 27.48% Oscarine Masuluke
0%
2021 Scotland UEFA Euro 21 Patrik Schick
0%
2022 Serbia FIFA World Cup 17 Richarlison
0%
2014 Wexford Youths Women's National League 33% Stephanie Roche
0%
2015 Atlético Goianiense Campeonato Goiano 46.7% Wendell Lira
0%
2024 South Africa FIFA Series 22 Yassine Benzia
0%
No matching quizzes found
Score Distribution
Percent of People with Each Score
Percentile by Number Answered
Your Score History
You have not taken this quiz